| 000 | 00431 a2200145 4500 | ||
|---|---|---|---|
| 020 | _a0395708249 | ||
| 040 |
_aLibrary of Congress _bEnglish |
||
| 082 | _a515 | ||
| 100 | 1 | _aBerresford, Geoffrey C., | |
| 245 | 1 | 0 |
_aBrief applied calculus _cGeoffrey C. Berresford. |
| 260 |
_aBoston : _bHoughton Mifflin, _cc1996. |
||
| 300 |
_a1 v. (various pagings) : _bill. (some col.) ; _c24 cm. |
||
| 650 | 0 | _aCalculus. | |
| 942 |
_cBK _k515 BER _2ddc |
||
| 999 |
_c7574 _d7574 |
||